| 000 | 00424nam a22001217a 4500 | ||
|---|---|---|---|
| 999 |
_c10102 _d10102 |
||
| 003 | OSt | ||
| 008 | 201218b ||||| |||| 00| 0 eng d | ||
| 245 | _aInvertis Journal of Science and Technology | ||
| 250 | _a2011(Oct-Dec Vol.4 No.4) 2012(Jan-Mar Vol,5 No.1, Apr-Jun Vol.5 No.2, Jul-Sep Vol.5 No.3) 2015(Jan-Mar Vol.8 No.1) | ||
| 260 |
_aNew Delhi _bInvertis University |
||
| 650 | _aInformation Technology | ||
| 942 |
_2ddc _cBV |
||